"227系顔"の車両が乗り入れる駅 - Statistics

General Stats
  • This quiz has been taken 77 times
    62 since last reset
  • The average score is 280 of 500
Answer Stats
Answer % Correct
敦賀
97%
金沢
95%
大阪
95%
米原
92%
彦根
92%
草津
92%
京都
92%
高槻
92%
新大阪
92%
尼崎
92%
三ノ宮
92%
神戸
92%
上郡
92%
播州赤穂
92%
岡山
92%
近江八幡
89%
大津
89%
山科
89%
姫路
89%
天王寺
89%
和歌山
89%
広島
89%
89%
近江塩津
86%
南草津
86%
西宮
86%
芦屋
86%
明石
86%
西明石
86%
加古川
86%
網干
86%
相生
86%
鶴橋
86%
西九条
86%
新今宮
86%
三原
86%
86%
倉敷
86%
糸魚川
84%
富山
84%
福井
84%
七尾
84%
南彦根
84%
栗東
84%
石山
84%
膳所
84%
桂川
84%
向日町
84%
長岡京
84%
山崎
84%
茨木
84%
マキノ
84%
大阪城公園
84%
京橋
84%
福島
84%
弁天町
84%
日根野
84%
今宮
84%
岩国
84%
西金沢
81%
長浜
81%
能登川
81%
野洲
81%
西大路
81%
島本
81%
元町
81%
兵庫
81%
須磨
81%
近江今津
81%
大正
81%
紀伊
81%
野田
81%
福山
81%
高岡
78%
小松
78%
武生
78%
新疋田
78%
住吉
78%
東加古川
78%
東姫路
78%
大津京
78%
柘植
78%
森ノ宮
78%
天満
78%
78%
糸崎
78%
徳山
78%
76%
倶利伽羅
76%
津幡
76%
芦原温泉
76%
安土
76%
守山
76%
舞子
76%
大久保
76%
堅田
76%
貴生川
76%
寺田町
76%
桃谷
76%
桜ノ宮
76%
堺市
76%
御坊
76%
尾道
76%
和歌山市
76%
東岡山
76%
宇野
76%
東金沢
73%
鯖江
73%
六甲道
73%
ひめじ別所
73%
英賀保
73%
竜野
73%
おごと温泉
73%
玉造
73%
和泉府中
73%
海南
73%
りんくうタウン
73%
関西空港
73%
芦原橋
73%
ユニバーサルシティ
73%
桜島
73%
73%
白浜
73%
奈良
73%
黒部
70%
魚津
70%
松任
70%
加賀温泉
70%
羽咋
70%
篠原
70%
三国ケ丘
70%
安治川口
70%
新山口
70%
新宮
70%
橋本
70%
桜井
70%
新倉敷
70%
滑川
68%
東富山
68%
河瀬
68%
瀬田
68%
垂水
68%
宝殿
68%
はりま勝原
68%
有年
68%
近江舞子
68%
東岸和田
68%
海田市
68%
可部
68%
あき亀山
68%
紀伊田辺
68%
金光
68%
東福山
68%
備中高梁
68%
新見
68%
石動
65%
野々市
65%
大聖寺
65%
木ノ本
65%
坂田
65%
比叡山坂本
65%
長居
65%
熊取
65%
瀬野
65%
天神川
65%
廿日市
65%
宮島口
65%
南岩国
65%
紀伊勝浦
65%
高田
65%
和気
65%
万富
65%
瀬戸
65%
笠岡
65%
茶屋町
65%
児島
65%
入善
62%
森本
62%
今庄
62%
南今庄
62%
高松
62%
余呉
62%
田村
62%
土山
62%
我孫子町
62%
和泉砂川
62%
白市
62%
八本松
62%
新白島
62%
横川
62%
62%
五条
62%
王寺
62%
西川原
62%
北長瀬
62%
小杉
59%
高岡やぶなみ
59%
西松任
59%
越前花堂
59%
高月
59%
河毛
59%
虎姫
59%
御着
59%
西相生
59%
永原
59%
近江中庄
59%
近江高島
59%
和邇
59%
美章園
59%
杉本町
59%
下松
59%
六十谷
59%
大竹
59%
柳井
59%
呉ポートピア
59%
総社
59%
妹尾
59%
親不知
57%
市振
57%
新富山口
57%
呉羽
57%
能美根上
57%
稲枝
57%
魚住
57%
蓬莱
57%
小野
57%
甲南
57%
紀伊中ノ島
57%
東羽衣
57%
安芸中野
57%
向洋
57%
西広島
57%
新井口
57%
大野浦
57%
由宇
57%
串本
57%
吉野口
57%
天理
57%
京終
57%
三石
57%
吉永
57%
庭瀬
57%
西高岡
54%
牛ノ谷
54%
宇野気
54%
中津幡
54%
曽根
54%
坂越
54%
上野芝
54%
北信太
54%
東貝塚
54%
和泉鳥取
54%
山中渓
54%
西条
54%
中野東
54%
五日市
54%
宮内串戸
54%
和木
54%
柳井港
54%
防府
54%
竹原
54%
周参見
54%
畝傍
54%
熊山
54%
高島
54%
福岡
51%
美川
51%
動橋
51%
丸岡
51%
北鯖江
51%
王子保
51%
新旭
51%
北小松
51%
志賀
51%
唐崎
51%
南田辺
51%
鶴ケ丘
51%
浅香
51%
信太山
51%
長滝
51%
湯浅
51%
東尾道
51%
本郷
51%
櫛ケ浜
51%
緑井
51%
田井ノ瀬
51%
上道
51%
JR五位堂
51%
明峰
49%
細呂木
49%
森田
49%
本津幡
49%
安曇川
49%
百舌鳥
49%
久米田
49%
東佐野
49%
新家
49%
宮前
49%
河内
49%
入野
49%
阿品
49%
前空
49%
玖波
49%
通津
49%
大畠
49%
忠海
49%
新広
49%
大町
49%
梅林
49%
河戸帆待川
49%
紀和
49%
粉河
49%
中庄
49%
大門
49%
豪渓
49%
青海
46%
西入善
46%
水橋
46%
越中大門
46%
加賀笠間
46%
春江
46%
大土呂
46%
南条
46%
比良
46%
甲賀
46%
油日
46%
津久野
46%
和泉橋本
46%
紀三井寺
46%
箕島
46%
広川ビーチ
46%
紀伊由良
46%
備後赤坂
46%
松永
46%
西高屋
46%
寺家
46%
かるが浜
46%
岩出
46%
香久山
46%
三輪
46%
西阿知
46%
里庄
46%
清音
46%
大元
46%
早島
46%
越中宮崎
43%
東滑川
43%
小舞子
43%
湯尾
43%
徳田
43%
良川
43%
南羽咋
43%
手原
43%
甲西
43%
富木
43%
藤生
43%
神代
43%
田布施
43%
新南陽
43%
富海
43%
大道
43%
四辻
43%
矢野
43%
安芸長束
43%
紀伊有田
43%
千旦
43%
御所
43%
金橋
43%
鴨方
43%
備前西市
43%
粟津
41%
能登二宮
41%
免田
41%
石部
41%
三雲
41%
冷水浦
41%
藤並
41%
七軒茶屋
41%
椿
41%
笠田
41%
大和二見
41%
北宇智
41%
志都美
41%
巻向
41%
櫟本
41%
備中広瀬
41%
備中川面
41%
上の町
41%
金丸
38%
宝達
38%
寺庄
38%
黒江
38%
島田
38%
福川
38%
戸田
38%
安芸幸崎
38%
安浦
38%
安芸阿賀
38%
下祇園
38%
南部
38%
太地
38%
那智
38%
紀伊小倉
38%
西笠田
38%
下兵庫
38%
隅田
38%
大和新庄
38%
香芝
38%
畠田
38%
帯解
38%
木野山
38%
植松
38%
生地
35%
横山
35%
岩田
35%
安芸津
35%
天応
35%
三滝
35%
古市橋
35%
印南
35%
朝来
35%
下井阪
35%
紀伊山田
35%
掖上
35%
柳本
35%
方谷
35%
石蟹
35%
木見
35%
能登部
32%
千路
32%
能瀬
32%
加茂郷
32%
初島
32%
上八木
32%
中島
32%
見老津
32%
古座
32%
紀伊天満
32%
三輪崎
32%
布施屋
32%
打田
32%
名手
32%
大谷
32%
妙寺
32%
高野口
32%
玉手
32%
長柄
32%
日羽
32%
美袋
32%
井倉
32%
敷波
30%
下津
30%
紀伊内原
30%
須波
30%
安芸長浜
30%
水尻
30%
道成寺
30%
和佐
30%
紀伊富田
30%
紀伊日置
30%
紀伊長田
30%
中飯降
30%
備中箕島
30%
久々原
30%
紀伊宮原
27%
安登
27%
芳養
27%
紀伊新庄
27%
紀伊姫
27%
紀伊佐野
27%
船戸
27%
備前田井
27%
大乗
24%
安芸川尻
24%
川原石
24%
吉浦
24%
小屋浦
24%
切目
24%
江住
24%
和深
24%
田子
24%
宇久井
24%
仁方
22%
八浜
22%
吉名
19%
稲原
19%
田並
19%
紀伊田原
19%
紀伊浦神
19%
下里
19%
湯川
19%
備前片岡
19%
迫川
19%
風早
16%
岩代
16%
彦崎
16%
常山
11%
No matching quizzes found
Score Distribution
Percent of People with Each Score
Percentile by Number Answered
Your Score History
You have not taken this quiz since the last reset